The valley of flowers : (Record no. 102166)

MARC details
000 -LEADER
fixed length control field 00872nam a22002177a 4500
005 - DATE AND TIME OF LATEST TRANSACTION
control field 20170706115759.0
010 ## - LCCN (DPL NO)
LC control number 1617EN
020 ## - INTERNATIONAL STANDARD BOOK NUMBER
International Standard Book Number 9789385288418
Terms of availability 299.00
035 ## - SYSTEM CONTROL NUMBER
System control number B-650874-882
035 ## - SYSTEM CONTROL NUMBER
System control number B-664690
037 ## - SOURCE OF ACQUISITION
Stock number dpl
Source of stock number/acquisition BSB
082 ## - DEWEY DECIMAL CLASSIFICATION NUMBER
Classification number S
100 ## - MAIN ENTRY--PERSONAL NAME
Personal name Smythe, Frank S.
245 ## - TITLE STATEMENT
Title The valley of flowers :
Statement of responsibility, etc by Frank S. Smythe
260 ## - PUBLICATION, DISTRIBUTION, ETC. (IMPRINT)
Place of publication, distribution, etc New Delhi
Name of publisher, distributor, etc Speaking Tiger
Date of publication, distribution, etc 2015
270 ## - ADDRESS
Address 4381/4, Ansari Road, Darya Ganj,
City New Delhi
Postal code 110002
300 ## - PHYSICAL DESCRIPTION
Extent 261p.
Dimensions 19cm(pbk)
942 ## - ADDED ENTRY ELEMENTS (KOHA)
Source of classification or shelving scheme Dewey Decimal Classification
Item type English Books
Call number suffix SMY
Classification part S
Holdings
Withdrawn status Lost status Not for loan Collection code Home library Current library Date acquired Source of acquisition Cost, normal purchase price Full call number Barcode Copy number Cost, replacement price Koha item type
      Fiction Ashok Vihar Ashok Vihar 06/07/2017 BPPD/EN/2016-17/AV/2016-17/455/15.02.2017/BSB/IN513/28.02.2017/06.03.2017 299.00 S SMY B-664690 1 299.00 English Books
      Fiction Bawana Bawana 06/02/2017 BPPD/EN/2016-17/289/24.11.2016/337/2.12.2016/4.1.2017 299.00 S SMY B-650880 1 299.00 English Books
      Fiction Central Library Central Library 06/02/2017 BPPD/EN/2016-17/289/24.11.2016/337/2.12.2016/4.1.2017 299.00 S SMY B-650874 1 299.00 English Books
      Fiction Janak Puri Janak Puri 06/02/2017 BPPD/EN/2016-17/289/24.11.2016/337/2.12.2016/4.1.2017 299.00 S SMY B-650877 1 299.00 English Books
      Fiction Kasturba Gandhi Marg Kasturba Gandhi Marg 06/02/2017 BPPD/EN/2016-17/289/24.11.2016/337/2.12.2016/4.1.2017 299.00 S SMY B-650876 1 299.00 English Books
      Fiction Patel Nagar Patel Nagar 06/02/2017 BPPD/EN/2016-17/289/24.11.2016/337/2.12.2016/4.1.2017 299.00 S SMY B-650875 1 299.00 English Books
      Fiction R.K.Puram-8 R.K.Puram-8 06/02/2017 BPPD/EN/2016-17/289/24.11.2016/337/2.12.2016/4.1.2017 299.00 S SMY B-650879 1 299.00 English Books
      Fiction Sarojini Nagar Sarojini Nagar 06/02/2017 BPPD/EN/2016-17/289/24.11.2016/337/2.12.2016/4.1.2017 299.00 S SMY B-650878 1 299.00 English Books
      Fiction Shahdara Branch Shahdara Branch 06/02/2017 BPPD/EN/2016-17/289/24.11.2016/337/2.12.2016/4.1.2017 299.00 S SMY B-650881 1 299.00 English Books
      Fiction Yojana Vihar Yojana Vihar 06/02/2017 BPPD/EN/2016-17/289/24.11.2016/337/2.12.2016/4.1.2017 299.00 S SMY B-650882 1 299.00 English Books

© Delhi Public Library
Hit Counter
free hit counter